00819nam a22002297a 450000500170000001000130001702000230003003500130005303700160006604000120008208200130009410000250010724500960013226000330022827000620026130000220032365000350034565000440038094200220042499900190044695201240046520170124110248.0 aB-091849 c150.00a8176463698 aB-091849 bCen Lib/Ret aDPLbEN a020bKUM aKumar, P. S. G92251 aKnowledge organization, information processing and retrieval :btheory /cby P. S. G. Kumar aDelhibB.R. Publishingc2003 a3779, 1st Floor, Kanhaiya Nagar, Tri NagarbDelhie110035 a412p. c22cm(pbk) aINFORMATION PROCESSING.998060 aLIBRARY AND INFORMATION SCIENCE.998061 2ddccENh020mKUM c135695d135695 00104070aLbLd2015-10-07eCen Lib/Retg150.00l0o020 KUMpB-091849r2015-10-07 00:00:00t1v150.00w2015-10-07yEN